| 000 | 01198nam a2200325 i 4500 | ||
|---|---|---|---|
| 001 | 000022073 | ||
| 003 | DO-SdBNP | ||
| 005 | 20250930094638.0 | ||
| 007 | ta | ||
| 008 | 100916e1997 dr acohgr1 00010edspadd | ||
| 040 |
_aDO-SdBNP _bspa _cBNPHU _erda |
||
| 041 | _aspa | ||
| 082 | 4 |
_a923.57293 _bL965id 1997 _222 |
|
| 245 | 0 | 0 |
_aIdeario de Luperón (1839-1897) / _cCompilador, José Chez Checo |
| 250 | _aTercera edición | ||
| 264 | 1 |
_aSanto Domingo : _bComisión Permanente de la Feria del Libro, _c1997 |
|
| 300 |
_a354 páginas : _bilustraciones, facsímil, fotografías, retratos ; _c22 cm. |
||
| 336 |
_atexto _btxt _2rdaconten |
||
| 337 |
_asin medición _bn _2rdamedia |
||
| 338 |
_avolumen _bnc _2rdacarrier |
||
| 490 | 1 |
_aBiblioteca Taller ; _v274 |
|
| 500 | _aCon motivo de la Primera Feria Regional del Libro Santiago 97 en homenaje a Gregorio Luperón | ||
| 504 | _aBibliografía : páginas 321-323 | ||
| 590 | _aInventariado, 2023 / MF | ||
| 600 | 1 | 4 |
_aLuperón, Gregorio, _d1839-1897 _9888 |
| 651 | 4 |
_aRepública Dominicana _xHistoria _9170 |
|
| 700 | 1 |
_aChez Checo, José, _d1949- _ecompilador _4comp. _910145 |
|
| 910 | _aValidado. Control de Calidad/MAA | ||
| 942 |
_2ddc _cLBS1 |
||
| 999 |
_c21571 _d21571 |
||